000 00273nam a2200109Ia 4500
001 588630
005 20250717120835.0
008 250717s9999 xx 000 0 und d
245 0 _aV-5 TAKIMA ALINMAYAN ÇOCUK
_cROLAND GODEL
260 _bERDEM YAYINLARI
_c2017
300 _b48
999 _c588630
_d588630